00631nam a2200157 i 450000100060000000300090000600500170001500700030003200800410003510000250007624501270010126000290022830000280025765000340028585201540031938288ES-MaACL20250806013500.0t|030225s1877 fr ||||1| fre d1 aBurggraeve, Adolphe.10a[Répertoire de thérapeutique dosimétrique bassée sur la physiologie et l'experimentation clinique / cBurggraeve]. a[S.l. : bs.n., c1877?] aP. [481-496] ; c25 cm. 7aMedicina dosimétrica2embne aES-MaACLjT-384-F-17 q.- Ejemplar sin portada z.- Anotación manuscrita: "A la biblioteca de los Escolares Médicos", el socio Gustavo Saenz Diez